000 00676nam a2200193Ii 4500
003 JO-AjNU
008 230605s9999||||xx |||||||||||||| ||und||
040 _aJO-AjNU
_bara
_erda
_cJO-AjNU
041 _aara
050 1 4 _aZ674.7 .H5775 1979
100 3 _aقاسم ، حشمت,
_eauthor
_940583
245 0 0 _aمصادر المعلومات دراسة لمشكلات توفيرها بالمكتبات ومراكز التوثيق
264 3 1 _aالقاهرة : مكتبة غريب ،1979
300 _a207ص
336 _atext
_btxt
_2rdacontent
337 _aunmediated
_bn
_2rdamedia
338 _avolume
_bnc
_2rdacarrier
650 4 _aمكتبات(علم)-توثيق
_940584
999 _aA17235
_c20803
_d20803